1500 1510 1205 1987 1918 1098 1733 1924 1702 1215 1189 1864 1201 1244 1996 1910 1823 1903 1414 1309 1433 1631 1086 1347 1017 1624 1314 1128 1729 1173 1196 1220 1502 1047 1012 1247 1764 1612 1433 1639 1522 1657 1751 1351 1157 1204 1608 1372 1548 1026 1776 1005 1151 1390 1577 1033 1291 1934 1475 1522 1810 1986 1151 1527 1778 1260 1827 1094 1884 1561 1513 1558 1285 1847 1777 1392 1096 1004 1737 1947 1084 1068 1472 1889 1648 1816 1045 1966 1865 1090 1181 1228 1861 1525 1764 1111 1679 1760 1343 BCNSPRNW ULIB Ver.6.0+V

เปลี่ยนเป็นภาษาไทย

Change to English
 แสดงรายละเอียดบรรณานุกรม
  กลับหน้าหลัก

Brief Record : Get Marc (ISO 2709) : E-mail record : QR code < ปิดหน้าต่าง
LEADER : 00000nam 2200000uu 4500
001    13399113176
003     ULIB
008    110930s2552||||th 000 0 tha d
020    9789742129446
050 04 QA76.76^bป621T 2552
100 0  ปิยะกมล ศรัทธาทิพย์
245 10 Tune Up Vista เร่งให้แรง...แต่งให้สุด /^cปิยะกมล ศรัทธาทิพย์
260    กรุงเทพฯ :^bซีเอ็ดยูเคชั่น,^c2552
300    288 หน้า :^bภาพประกอบ
650  7 ไมโครซอฟต์วินโดวส์วิสต้า
650  7 ระบบปฏิบัติการ (คอมพิวเตอร์)
945    ^p189^l0^i027319
945    ^p189^l0^i027320
995    ทศพร
999 ^a ศิริพร
รายการนี้ยังไม่มีแท็ก
คุณยังไม่ได้ล็อกอิน คุณสามารถมีกิจกรรมร่วมกับเว็บไซต์ได้ แต่ต้องล็อกอินก่อน ::
  ล็อกอิน

รายการสื่อสารสนเทศ

ลำดับที่ ประเภท เลขเรียก/บาร์โค้ด สถานที่ สถานะ
- ไม่พบข้อมูล -

รายการใกล้เคียง
    หัวเรื่อง [ไมโครซอฟต์วินโดวส์วิสต้า]
    หัวเรื่อง [ระบบปฏิบัติการ (คอมพิวเตอร์)]

BibComment


ยังไม่เคยถูกคอมเมนท์

คอมเมนท์ทรัพยากรรายการนี้
  คอมเมนท์: Tune Up Vista เร่..


 Copyright 2026. Bcnsprnw @Library